|
|
|
|
| LEADER |
00000cam a2200000 a 4500 |
| 001 |
vtls010276912 |
| 003 |
SK-MaSNL |
| 005 |
20260302011736.0 |
| 008 |
240318s2011 xo d 000 0 hun |
| 015 |
|
|
|a SNBA2011/07-04001
|
| 020 |
|
|
|a 9788081014109
|q (brož.)
|
| 035 |
|
|
|a 1CFD841F-0B15-4FA9-9EEE-A86B9B993897
|
| 035 |
|
|
|a urn:nbn:sk:snk-amjhrt
|
| 035 |
|
|
|a urn:nbn:sk:snk-am001ydd
|
| 040 |
|
|
|a SNK
|b slo
|c SNK
|e AACR2
|
| 041 |
0 |
|
|a hun
|
| 044 |
|
|
|a xo
|a hu
|c SK
|c HU
|
| 072 |
|
7 |
|a 82.0
|x Literatúra (teória)
|2 konspekt
|
| 080 |
|
|
|a 821.112.2(436)
|2 2001
|
| 080 |
|
|
|a 821.511.141
|2 2001
|
| 080 |
|
|
|a (0:82-4)
|2 2001
|
| 080 |
|
|
|a 82.0
|2 2001
|
| 080 |
|
|
|a 82.09
|2 2001
|
| 100 |
1 |
|
|a Bombitz, Attila,
|d 1971-
|4 aut
|9 489670
|
| 245 |
1 |
0 |
|a Harmadik félidő
|b osztrák/magyar történetek
|c Bombitz Attila
|
| 250 |
|
|
|a 1. kiad.
|
| 260 |
|
|
|a Pozsony
|b Kalligram
|a Budapest
|b Pesti Kalligram
|c 2011
|
| 300 |
|
|
|a 227 s.
|c 21 cm
|
| 500 |
|
|
|a Tir. aj slov.
|
| 650 |
0 |
7 |
|a rakúska literatúra
|2 SNKPH
|9 1416
|
| 650 |
0 |
7 |
|a maďarská literatúra
|2 SNKPH
|9 1193
|
| 650 |
0 |
7 |
|a Austrian literature
|2 SNKPHeng
|9 331646
|
| 650 |
0 |
7 |
|a Hungarian literature
|2 SNKPHeng
|9 266362
|
| 650 |
0 |
7 |
|a Literary studies
|2 SNKPHeng
|9 265625
|
| 650 |
0 |
7 |
|a literárna veda
|2 SNKPH
|9 1137
|
| 650 |
0 |
7 |
|a Literary criticism and history
|2 SNKPHeng
|9 270823
|
| 650 |
0 |
7 |
|a literárnovedné rozbory
|2 SNKPH
|9 241582
|
| 655 |
|
7 |
|a eseje
|2 SNKPH
|9 57030
|
| 655 |
|
7 |
|a Essays
|2 SNKPHeng
|9 267540
|
| 752 |
|
|
|a Slovensko
|d Bratislava
|
| 852 |
|
|
|a Štátna vedecká knižnica v Banskej Bystrici
|
| 919 |
|
|
|a 978-80-8101-410-9
|
| 958 |
|
|
|a HU
|
| 958 |
|
|
|a NM
|
| 958 |
|
|
|a LX
|
| 968 |
|
|
|d 821
|
| 999 |
|
|
|c 1007245
|d 1009175
|
| 952 |
|
|
|a SNK
|b SNK
|y PREZ
|7 0
|p 17A0703154
|o snkSC 145457
|i snk2011/11454
|8 0
|0 0
|1 0
|4 0
|d 2011-05-18
|l 0
|r 2025-07-14 00:00:00
|w 2026-02-24
|
| 952 |
|
|
|a SNK
|b SNK
|y VYP
|7 0
|p 17A0703155
|o snkSC 145457 D1
|i snk2011/11455
|8 0
|0 0
|1 0
|4 0
|d 2011-05-18
|f 1
|l 0
|r 2026-02-24 12:40:11
|w 2026-02-24
|